|
|
|
|
| LEADER |
00913nam a2200253 a 4500 |
| 001 |
GR-Patra9639 |
| 008 |
991022s gr 000 b gre d |
| 020 |
|
|
|a 9603061719
|
| 040 |
|
|
|a GrPaTEI
|b gre
|c GR-PaULI
|
| 245 |
0 |
0 |
|a Word wide web directory.
|
| 260 |
|
|
|a Αθήνα :
|b ANUBIS,
|c c1996
|
| 300 |
|
|
|a 508σ.
|
| 650 |
|
0 |
|a Internet
|
| 650 |
|
4 |
|a ΔΙΚΤΥΑ
|
| 650 |
|
4 |
|a Ηλεκτρονικοί υπολογιστές
|
| 650 |
1 |
0 |
|a WWW
|
| 653 |
|
|
|a ΗΛΕΚΤΡΟΝΙΚΟΙ ΥΠΟΛΟΓΙΣΤΕΣ - ΔΙΚΤΥΑ (INTERNET)
|
| 700 |
1 |
|
|a Cope, Ken
|
| 700 |
1 |
|
|a Jamsa, Kris A.
|
| 700 |
1 |
|
|a Ανδρέου, Γιάννης Α.
|
| 942 |
|
|
|2 ddc
|
| 952 |
|
|
|0 0
|1 0
|2 ddc
|4 0
|6 004_670000000000000_JAM
|7 0
|9 290274
|a LISK
|b LISK
|c BSC
|d 2021-01-17
|e 24
|f 0
|g 0.00
|l 0
|o 004.67 JAM
|p 92410012396
|r 2021-01-17 00:00:00
|t 1
|w 2021-01-17
|y BK15
|x 19991024 0 1
|x GrPaTEI
|
| 971 |
|
|
|a .b26571547
|b 24-08-20
|c 23-09-16
|
| 999 |
|
|
|c 169453
|d 169453
|